| 000 | 00949nam a2200205Ii 4500 | ||
|---|---|---|---|
| 003 | JO-AjNU | ||
| 008 | 230605s9999||||xx |||||||||||||| ||und|| | ||
| 040 |
_aJO-AjNU _bara _erda _cJO-AjNU |
||
| 041 | _aara | ||
| 050 | 1 | 4 | _aDS36.88.1998 |
| 100 | 3 |
_aمنشورات المجمع الملكي الثقافي العربي, _eauthor _945419 |
|
| 245 | 0 | 0 | _aالثقافة العربية بين صيانة الذات ورهان التحول: أعمال المؤتمر العربي الرابع/ المجمع الملكي الثقافي العربي 10و11و12 ديسمبر(كانون الاول) 1997 |
| 250 | _aط2 | ||
| 264 | 3 | 1 | _aبيروت: منشورات المجمع الثقافي العربي، 1998 |
| 300 |
_a256ص _bصور فوتوغرافية ص 241-256 |
||
| 336 |
_atext _btxt _2rdacontent |
||
| 337 |
_aunmediated _bn _2rdamedia |
||
| 338 |
_avolume _bnc _2rdacarrier |
||
| 650 | 4 |
_aالثقافة العربية- مؤتمرات _945420 |
|
| 999 |
_aA19686 _c23254 _d23254 |
||